000 00474nam a2200157 a 4500
001 000044543
005 20201002045441.0
008 140711s2005 cl abc 000 0 spa d
020 _a8467018690
040 _aDO-SdBNP
_bspa
_cBNPHU
245 0 0 _aGran enciclopedia Espasa /
_ccoordinadora Carolina Reoyo González.
260 _aColombia :
_bEspasa Calpe,
_c2005.
300 _av. :
_bil., mapas, retrs.
505 0 _av. 1
_tAmérica
700 1 2 _aReoyo González, Carolina
_9986
999 _c44032
_d44032